000 00433 a2200157 4500
005 20260429152909.0
008 260429b |||||||| |||| 00| 0 eng d
020 _a9789385992209
080 _a89M-4
_bSUR/P
100 _aSuresh, C. Pillai
245 _aPaadam onnu(പാഠം ഒന്ന്)
260 _bIndulekha Media Network
_aKottayam
_c2020
300 _a152p.
653 _aEssays - Malayalam Literature
942 _cBK
999 _c116160
_d116159